000 00617nam a2200193 a 4500
005 20140310183316.0
008 051116s19uu xx 00 eng d
020 _a1405145617
050 _aRT 42
_b.R68 2005
245 _aThe Royal Marsden Hospital :
_bmanual of clinical nursing procedures /
_cedited by Lisa Dougherty ans Sara E. Lister.
250 _a6th ed.
260 _aOxford, UK :
_bBlackwell Publishing,
_c2005.
300 _axix, 870 p. :
_bill. ;
_c25 cm.
521 _aNUR
650 _aNursing care
_xMethods.
650 _aNursing
_xOutlines, syllabi, etc.
942 _cBK
_2lcc
_kFOR
999 _c21275
_d21275